000
00296nam a22001337a 4500
008
180731b xxu||||| |||| 00| 0 eng d
082
_a
813.52
245
_a
The Enjoyment of MUSIC
_c
Norton
260
_c
2007
300
_a
1
_f
CD
440
_x
9780393107579
760
_b
10th
942
_2
ddc
_c
MX
999
_c
46694
_d
46694